00759nam a2200205 4500999001900000005001700019010001500036020002700051035001400078037001300092082001200105245006200117260003800179270009100217300002400308500005000332700002100382942002600403952012400429 c170750d17075020191224142152.0 aENG-127230 a9789352872909c1150.00 aEN-110762 bDBAD/PUB a331.544 aMigrants and the neoliberal city /ced.by Ranbir Samaddar aHyderabadbOrient Blackswanc2018 a3-6-752, HimayatnagarbHyderabad, Telanganae500029mcentraloffice@orientblackswan.com axii;362p.c22cm(Hb) aIncludes bibliographical references and index aSamaddar, Ranbir 2ddccENh331.544mSAM 001040708NFICaAVbAVd2019-12-24eDBAD/PUBg1150.00l0o331.544 SAMpEN-110762r2019-12-24 00:00:00t1v1150.00yEN